000 00743nam a2200229Ia 4500
001 19386
003 GE_BSU
008 181216s||||||||xx |||||||||||||| ||und||
040 _cGE_BSU
245 _aВопросы философии, №10. 2016.
245 _bНаучно-теоретический журнал. Изд-ся с июля 1947 года.
245 _cГл.ред.Пружинин Борис Исаевич и др.
250 _aРоссийская академия наук
260 _aМосква
260 _bНаука
260 _c2016
300 _a224стр.24см.
653 _aВопросы философии
653 _aПериодика
653 _aპერიოდიკა
942 _cCR
999 _c52366
_d52366